000 00972nam a2200301 i 4500
003 DO-SdBNP
005 20250924073804.0
007 ta
008 250725s2004 dr 000 0 spa d
020 _a9993469076
040 _aDO-SdBNP
_bspa
_cBNPHU
_erda
041 _aspa
082 _a861.44
_bF385L
_222
100 1 _aFerreras, Alex
_eautor
_910205
_4aut.
245 1 0 _aLos lamentos de Lázaro /
_cAlex Ferreras
264 1 _aSan Juan, Puerto Rico :
_bEditora Imago Mundi,
_bEditora Manatí,
_c2004.
300 _a70 páginas ;
_c19 cm.
336 _atexto
_btxt
_2rdacontent
337 _asin mediación
_bn
_2rdamedia
338 _avolumen
_bnc
_2rdacarrier
490 1 _aPríncipe
500 _aIncluye datos biografícos del autor en la solapa de la cubierta.
590 _aInventariado, 2025/ YL
650 7 _aPoesía Dominicana
830 _aPublicaciones de la Universidad Autónoma de Santo Domingo
_v443
_952
910 _aYLockward
942 _2ddc
_cLBS1
999 _c59634
_d59634